000 00488nam a22001697a 4500
999 _c62230
_d62230
005 20240905173807.0
008 240826c2002 enk||||| |||| 00| 0 eng d
022 _a0017 8322
041 _aeng
245 _aHastings Law Journal :
_cEditor j. M. Board.
_b2002 /
260 _aSan Francisco,
_c2002.
300 _aV.
653 _aსამართალი
653 _aპერიოდიკა
700 _aBoard, j. M.
_eრედაქტორი
_923117
942 _2udc
_cCR